1003-わたらせ渓谷鐡道の駅 - Statistics

General Stats
  • This quiz has been taken 94 times
    90 since last reset
  • The average score is 11 of 17
Answer Stats
本線 % Correct
桐生
98%
間藤
87%
足尾
82%
大間々
76%
相老
74%
神戸
69%
通洞
68%
水沼
61%
下新田
58%
運動公園
58%
沢入
55%
花輪
50%
上神梅
47%
本宿
45%
中野
45%
原向
45%
小中
40%
No matching quizzes found
Score Distribution
Percent of People with Each Score
Percentile by Number Answered
Your Score History
You have not taken this quiz since the last reset